Normal view MARC view
  • Discriminación sexual contra la mujer

Entry Materia

Number of records used in: 47

001 - NÚMERO DE CONTROL DEL REGISTRO

  • campo de control: 5666

003 - IDENTIFICADOR DE NUMERO DE CONTROL

  • campo de control: UPN

005 - FECHA Y HORA DE LA ÚLTIMA TRANSACCIÓN

  • campo de control: 20230308091323.0

008 - DATOS DE LONGITUD FIJA

  • campo de control de longitud fija: 230308n||acnnnbabn | ana |d

035 ## - NÚMERO DE CONTROL DEL SISTEMA

  • Número de control del sistema: UPN10000005666

040 ## - FUENTE DE LA CATALOGACIÓN

  • Centro catalogador de origen: UPN
  • Lengua de catalogación: spa
  • Agencia de transcripción: UPN

046 ## - FECHAS CON CODIFICACIÓN ESPECIAL

  • Fecha final para contenidos agregados: 2023

150 ## - ENCABEZAMIENTO - TEMÁTICO

  • Término de materia o nombre geográfico como elemento inicial: Discriminación sexual contra la mujer

670 ## - FUENTE EN LA QUE SE LOCALIZARON DATOS

  • Cita de la fuente: A

902 ## - CATALOGADOR

  • Catalogador: MCM/270404